Tổng hợp hữu cơ và hóa dầu

Uloženo v:
Podrobná bibliografie
Hlavní autor: Phan Minh Tân
Médium: Kniha
Jazyk:Undetermined
Vydáno: Tp. HCM Trường ĐH Bách Khoa 1994
Témata:
Tagy: Přidat tag
Žádné tagy, Buďte první, kdo otaguje tento záznam!
Thư viện lưu trữ: Trung tâm Học liệu Trường Đại học Cần Thơ
LEADER 00526nam a2200169Ia 4500
001 CTU_35939
008 210402s9999 xx 000 0 und d
082 |a 547.2 
082 |b T121/T2 
100 |a Phan Minh Tân 
245 0 |a Tổng hợp hữu cơ và hóa dầu 
245 0 |c Phan Minh Tân 
260 |a Tp. HCM 
260 |b Trường ĐH Bách Khoa 
260 |c 1994 
650 |a chemistry, organic - synthesis,organic compounds - synthesis 
980 |a Trung tâm Học liệu Trường Đại học Cần Thơ